Cien poemas para un centenario / (Record no. 14235)

MARC details
000 -LEADER
campo de control de longitud fija 00621nam a2200205 i 4500
001 - NÚMERO DE CONTROL
campo de control 14235
003 - IDENTIFICADOR DE NÚMERO DE CONTROL
campo de control ES-MaACL
005 - FECHA Y HORA DE LA ÚLTIMA TRANSACCIÓN
campo de control 20230906150743.0
007 - CAMPO FIJO DE DESCRIPCIÓN FÍSICA--INFORMACIÓN GENERAL
campo de control de longitud fija t|
008 - DATOS DE LONGITUD FIJA--INFORMACIÓN GENERAL
campo de control de longitud fija 981118s1992 cl ||||1| spa d
020 ## - NÚMERO INTERNACIONAL ESTÁNDAR DEL LIBRO
Número Internacional Estándar del Libro 956-262-014-X
080 ## - NÚMERO DE LA CLASIFICACIÓN DECIMAL UNIVERSAL
Número de la Clasificación Decimal Universal 821.134.2(83)-14"19"
100 1# - ENTRADA PRINCIPAL--NOMBRE DE PERSONA
Nombre de persona Vega, Daniel de la.
9 (RLIN) 113541
245 10 - MENCIÓN DEL TÍTULO
Título Cien poemas para un centenario /
Mención de responsabilidad, etc. Daniel de la Vega ; selección de Ximena de la Vega Letelier.
250 ## - MENCION DE EDICION
Mención de edición 1ª ed.
260 ## - PUBLICACIÓN, DISTRIBUCIÓN, ETC.
Lugar de publicación, distribución, etc. [Chile] :
Nombre del editor, distribuidor, etc. Ediciones del Litoral,
Fecha de publicación, distribución, etc. 1992.
300 ## - DESCRIPCIÓN FÍSICA
Extensión 200 p. ;
Dimensiones 22 cm.
700 1# - ENTRADA AGREGADA--NOMBRE PERSONAL
Nombre de persona Vega, Ximena de la.
9 (RLIN) 113613
852 ## - LOCALIZACIÓN
Ubicación ES-MaACL
Número de control de estantería L-21555
Sublocalización o colección R.126297
Holdings
Estatus retirado Estado de pérdida Estado de daño No para préstamo Biblioteca de origen Biblioteca actual Ubicación en estantería Fecha de adquisición Fuente de adquisición Total de préstamos Signatura topográfica completa Código de barras Visto por última vez Precio de reemplazo Tipo de ítem Koha
        Biblioteca del Ateneo de Madrid Biblioteca del Ateneo de Madrid Depósito 2 17/01/2008     L-21555 1014482 23/02/2023 23/02/2023 Libro impreso